ABC (alphabet) in order - Statistics

General Stats
  • This quiz has been taken 169 times
  • The average score is 23 of 26
Answer Stats
Buchtabe % Correct
a
99%
b
97%
c
97%
d
97%
e
97%
f
97%
g
96%
h
93%
i
91%
o
91%
s
91%
p
90%
t
90%
q
88%
m
87%
n
87%
r
87%
u
87%
j
86%
k
86%
l
86%
w
86%
z
84%
v
81%
x
77%
y
75%
No matching quizzes found
Score Distribution
Percent of People with Each Score
Percentile by Number Answered
Your Score History
You have not taken this quiz